| 000 | 00347 a2200109 4500 | ||
|---|---|---|---|
| 001 | ART_7782 | ||
| 005 | 20260410161638.0 | ||
| 008 | 260409a | ||
| 245 | 1 | 0 | _aImplicancias impositivas de los contratos de "leasing" (Segunda parte) |
| 100 | 1 | _aCalcagno, Gabriel A | |
| 773 | 0 |
_tConsultor tributario _g- NÂș 9 (nov. 2007) _wREV474 |
|
| 999 |
_c13030 _d13030 |
||